banner koha

BRSMG Curinga cultivar de arroz de terras altas de ampla adaptação para o Brasil (Registro n. 295012)

MARC details
000 -LÍDER
campo de controle de tamanho fixo 01603nac a22005417a 4500
001 - NÚMERO DE CONTROLE
campo de controle BR0604480
003 - IDENTIFICADOR DO NÚMERO DE CONTROLE
campo de controle BR-BrBNA
005 - DATA E HORÁRIO DA ÚLTIMA TRANSAÇÃO
campo de controle 20240105123332.0
008 - CAMPO DE DADOS FIXOS--INFORMAÇÃO GERAL
campo de controle de tamanho fixo 230509b bl.|||m| |||| 00| 0 por d
040 ## - FONTE DA CATALOGAÇÃO
Instituição da catalogação original BR-BrBNA
Idioma da catalogação por
Instituição que transcreveu o registro Biblioteca Nacional de Agricultura
072 ## - CÓDIGO DE CATEGORIA DE ASSUNTO
Código de Categoria de Assunto F01
090 ## - NÚMERO DE CHAMADA LOCAL
Número de chamada 0150 BR0604480
100 1# - ENTRADA PRINCIPAL--NOME PESSOAL
Nome pessoal Morais, O.P. de
100 1# - ENTRADA PRINCIPAL--NOME PESSOAL
Nome pessoal Castro, E. da M. de
100 1# - ENTRADA PRINCIPAL--NOME PESSOAL
Nome pessoal Soares, A.A.
100 1# - ENTRADA PRINCIPAL--NOME PESSOAL
Nome pessoal Guimarães, E.P.
100 1# - ENTRADA PRINCIPAL--NOME PESSOAL
Nome pessoal Chatel, M.
100 1# - ENTRADA PRINCIPAL--NOME PESSOAL
Nome pessoal Ospoina, Y.
100 1# - ENTRADA PRINCIPAL--NOME PESSOAL
Nome pessoal Lopes, A. de M.
100 1# - ENTRADA PRINCIPAL--NOME PESSOAL
Nome pessoal Pereira, J. de A.
100 1# - ENTRADA PRINCIPAL--NOME PESSOAL
Nome pessoal Utumi, J.R.
100 1# - ENTRADA PRINCIPAL--NOME PESSOAL
Nome pessoal Centeno, A.C.
100 1# - ENTRADA PRINCIPAL--NOME PESSOAL
Nome pessoal Fonseca, J.R.
100 1# - ENTRADA PRINCIPAL--NOME PESSOAL
Nome pessoal Breseghello, F.
100 1# - ENTRADA PRINCIPAL--NOME PESSOAL
Nome pessoal Guimarães, C.M.
100 1# - ENTRADA PRINCIPAL--NOME PESSOAL
Nome pessoal Bassinello, P.Z.
100 1# - ENTRADA PRINCIPAL--NOME PESSOAL
Nome pessoal Prabhu, A.S.
100 1# - ENTRADA PRINCIPAL--NOME PESSOAL
Nome pessoal Ferreira, E.
100 1# - ENTRADA PRINCIPAL--NOME PESSOAL
Nome pessoal Souza, N.R.G. de
100 1# - ENTRADA PRINCIPAL--NOME PESSOAL
Nome pessoal Souza, M.A. de
100 1# - ENTRADA PRINCIPAL--NOME PESSOAL
Nome pessoal Reis, M. de S.
100 1# - ENTRADA PRINCIPAL--NOME PESSOAL
Nome pessoal Santos, P.G.
110 1# - ENTRADA PRINCIPAL--NOME CORPORATIVO
Nome corporativo ou nome da jurisdição EMBRAPA Arroz e Feijão, Santo Antônio de Goiás, GO (Brasil)
245 1# - TÍTULO
Título BRSMG Curinga cultivar de arroz de terras altas de ampla adaptação para o Brasil
260 3# - PUBLICAÇÃO, DISTRIBUIÇÃO, ETC.
Local de publicação, distribuição, etc. Santo Antônio de Goiás, GO (Brasil):
Data da publicação, distribuição, etc. 2005.
300 ## - DESCRIÇÃO FÍSICA
Extensão 8 p.
490 ## - TÍTULO DA SÉRIE
Título da série Comunicado Técnico - EMBRAPA Arroz e Feijão (Brazil)
Número do volume ou designação sequencial da série no. 114
ISSN - International Standard Serial Number ISSN 1677-910X
500 ## - NOTA GERAL
Nota geral 12 tables; 13 ref.
650 ## - ASSUNTO--TERMO TÓPICO
Cabeçalho tópico ou nome geográfico ARROZ
650 ## - ASSUNTO--TERMO TÓPICO
Cabeçalho tópico ou nome geográfico GRÃO
650 ## - ASSUNTO--TERMO TÓPICO
Cabeçalho tópico ou nome geográfico PRODUTIVIDADE
650 ## - ASSUNTO--TERMO TÓPICO
Cabeçalho tópico ou nome geográfico QUALIDADE
650 ## - ASSUNTO--TERMO TÓPICO
Cabeçalho tópico ou nome geográfico MELHORAMENTO GENÉTICO VEGETAL
650 ## - ASSUNTO--TERMO TÓPICO
Cabeçalho tópico ou nome geográfico CRESCIMENTO
650 ## - ASSUNTO--TERMO TÓPICO
Cabeçalho tópico ou nome geográfico VARIEDADE RESISTENTE
909 ## -
-- 202312
-- Lúcia Elande
-- 55
-- Lúcia Elande
942 ## - ELEMENTOS DE ENTRADA ADICIONADOS (KOHA)
Fonte da classificação ou esquema de arquivamento na estante Classificação AGRIS
Ocultar no OPAC Não
Tipo de material Koha Monografia Seriada
Exemplares
Situação do descarte Fonte da classificação ou esquema de arquivamento na estante Situação física Não pode ser emprestado Coleção Biblioteca de origem Biblioteca atual Localização na estante Total de empréstimos Número de telefone completo Código de barras Data de último acesso Tipo de material Koha Fonte de aquisição
  Classificação AGRIS       Biblioteca Nacional de Agricultura - Binagri Biblioteca Nacional de Agricultura - Binagri Agrobase - Acervo Geral   0150 BR0604480 0150 BR0604480 18/12/2023 Monografia Seriada Portaria Interministerial nº 164/94

BINAGRI

Telefone: (61)3218-2567/2388/3357/2097 - binagri@agro.gov.br

Ministério da Agricultura e Pecuária , Esplanada dos Ministérios, Bloco D, Anexo B, Brasília/DF, CEP: 70.043-900